Capitals by last 2 letters - Statistics

General Stats
  • This quiz has been taken 21 times
  • The average score is 9 of 15
Answer Stats
Hint Capital % Correct
OK Bangkok
89%
SK Minsk
89%
EK Bishkek
79%
OW Moscow
79%
DH Riyadh
79%
EB Zagreb
79%
IK Reykjavík
68%
RG Luxembourg
63%
NT Tashkent
63%
AW Warsaw | Naypydaw
63%
BY Port Moresby
53%
AD Baghdad
47%
BI Abu Dhabi
42%
GA Riga
32%
UR Kuala Lampur
11%
No matching quizzes found
Score Distribution
Percent of People with Each Score
Percentile by Number Answered
Your Score History
You have not taken this quiz